[Event "Uniagraria AlphaZero op 2nd"]
[Site "Uniagraria"]
[Date "2019.11.10"]
[Round "4"]
[White "Bueno, Miguel Angel"]
[Black "Mena, Yamil Octavio"]
[Result "0-1"]
[WhiteElo "1693"]
[BlackElo "1967"]
[PlyCount "116"]
[EventDate "2019.11.08"]
[EventType "swiss"]
[EventRounds "7"]
[EventCountry "COL"]
[SourceTitle "CBM 193 Extra"]
[Source "ChessBase"]
[SourceDate "2020.01.31"]
[SourceVersion "1"]
[SourceVersionDate "2020.01.31"]
[SourceQuality "1"]

1. e4 e5 2. Nf3 Nc6 3. Bb5 a6 4. Bxc6 dxc6 5. 0-0 Bg4 6. h3 h5 7. d3 Qe7 8. Re1 Bd7 9. d4 exd4 10. Qxd4 c5 11. Qe5 0-0-0 12. Nc3 Qxe5 13. Nxe5 Be8 14. a4 f6 15. Nc4 Ne7 16. e5 fxe5 17. Nxe5 Nc6 18. Nxc6 Bxc6 19. Bg5 Rd4 20. Rad1 Bd6 21. b3 Re8 22. Rxe8+ Bxe8 23. Rxd4 cxd4 24. Ne2 c5 25. Bf4 Be7 26. Nc1 Kd7 27. Kf1 Ke6 28. Ke2 b5 29. axb5 axb5 30. Nd3 c4 31. bxc4 bxc4 32. Ne1 g5 33. Bb8 Kd5 34. Ba7 Bg6 35. Kd1 g4 36. hxg4 hxg4 37. Bb8 Bb4 38. f3 Bxe1 39. Kxe1 gxf3 40. gxf3 Bxc2 41. Kd2 Bf5 42. Bf4 c3+ 43. Kc1 d3 44. Bh6 Kc4 45. Be3 Be6 46. Bh6 Bd5 47. Bg5 Bxf3 48. Bh6 Bc6 49. Bg5 Kd5 50. Bh6 Ke4 51. Kd1 Ba4+ 52. Ke1 Kd4 53. Bg5 Kc4 54. Bf4 Bc2 55. Bh6 Kb3 56. Bg5 Kb2 57. Bh6 Ba4 58. Bg5 Kc2 0-1

[Event "Uniagraria AlphaZero op 2nd"]
[Site "Uniagraria"]
[Date "2019.11.09"]
[Round "2"]
[White "Bueno, Miguel Angel"]
[Black "Mora Garcia, Edwin Andres"]
[Result "1-0"]
[WhiteElo "1693"]
[BlackElo "1340"]
[PlyCount "69"]
[EventDate "2019.11.08"]
[EventType "swiss"]
[EventRounds "7"]
[EventCountry "COL"]
[SourceTitle "CBM 193 Extra"]
[Source "ChessBase"]
[SourceDate "2020.01.31"]
[SourceVersion "1"]
[SourceVersionDate "2020.01.31"]
[SourceQuality "1"]

1. e4 e5 2. Nf3 Nc6 3. Bb5 Nf6 4. 0-0 Bc5 5. Nxe5 Bxf2+ 6. Rxf2 Nxe5 7. d4 Ng6 8. Bg5 c6 9. e5 Qa5 10. exf6 Qxb5 11. fxg7 Qxg5 12. gxh8Q+ Nxh8 13. Qe1+ Kd8 14. Nd2 d5 15. Nf3 Qg7 16. Qb4 Ng6 17. Qd6+ Bd7 18. Re1 Qf8 19. Qxf8+ Nxf8 20. Ne5 f5 21. Nxd7 Kxd7 22. Rxf5 Ne6 23. Rf7+ Kd6 24. c3 Ng5 25. Rxb7 Rg8 26. Ree7 c5 27. Red7+ Kc6 28. Rbc7+ Kb5 29. Rxc5+ Kb6 30. Rcxd5 Nh3+ 31. Kf1 Nf4 32. R5d6+ Kb5 33. b3 a6 34. a4+ Ka5 35. Ra7 1-0

[Event "COL-ch U2000"]
[Site "Pereira"]
[Date "2019.03.23"]
[Round "5"]
[White "Bueno, Miguel Angel"]
[Black "Gomez Guardo, Laura Melissa"]
[Result "1/2-1/2"]
[WhiteElo "1737"]
[BlackElo "1850"]
[PlyCount "113"]
[EventDate "2019.03.21"]
[EventType "swiss"]
[EventRounds "9"]
[EventCountry "COL"]
[SourceTitle "CBM 189 Extra"]
[Source "ChessBase"]
[SourceDate "2019.06.03"]
[SourceVersion "1"]
[SourceVersionDate "2019.06.03"]
[SourceQuality "1"]

1. e4 c5 2. d4 cxd4 3. c3 dxc3 4. Nxc3 Nc6 5. Nf3 d6 6. Bc4 e6 7. 0-0 Be7 8. Qe2 a6 9. Rd1 Qc7 10. Bf4 Nf6 11. Rac1 0-0 12. Bb3 Qa5 13. Bxd6 Bxd6 14. Rxd6 Ne5 15. Rcd1 h6 16. h3 Kh7 17. Bc2 Kg8 18. Nd2 Qc7 19. Nb3 Nc4 20. e5 Nxd6 21. exf6 Nf5 22. Bxf5 exf5 23. Nd5 Qb8 24. fxg7 Kxg7 25. Qe7 Be6 26. Nc7 Qc8 27. Nc5 Kh8 28. N5xe6 fxe6 29. Nxe6 Rg8 30. Qf6+ Kh7 31. Qxf5+ Kh8 32. Qf6+ Kh7 33. Qf7+ Kh8 34. Rd7 Qc1+ 35. Kh2 Rxg2+ 36. Kxg2 Rg8+ 37. Kf3 Qh1+ 38. Kf4 Qh2+ 39. Ke4 Qh1+ 40. Ke5 Qe1+ 41. Kd6 Qb4+ 42. Ke5 Qxb2+ 43. Nd4 Rg5+ 44. Ke6 Qxa2+ 45. Ke7 Rg7 46. Rd8+ Kh7 47. Qxg7+ Kxg7 48. Ne6+ Kg6 49. Rf8 Qa3+ 50. Ke8 Qa4+ 51. Ke7 b5 52. Rf6+ Kh5 53. Ng7+ Kg5 54. Ne6+ Kh5 55. Nf4+ Kg5 56. Ne6+ Kh5 57. Ng7+ 1/2-1/2

[Event "COL-ch U2000"]
[Site "Pereira"]
[Date "2019.03.22"]
[Round "2"]
[White "Hernandez, Jeronimo"]
[Black "Bueno, Miguel Angel"]
[Result "1-0"]
[WhiteElo "1851"]
[BlackElo "1737"]
[PlyCount "51"]
[EventDate "2019.03.21"]
[EventType "swiss"]
[EventRounds "9"]
[EventCountry "COL"]
[SourceTitle "CBM 189 Extra"]
[Source "ChessBase"]
[SourceDate "2019.06.03"]
[SourceVersion "1"]
[SourceVersionDate "2019.06.03"]
[SourceQuality "1"]

1. e4 c5 2. c4 Nc6 3. Nf3 Nf6 4. Nc3 e6 5. d4 d5 6. exd5 exd5 7. Bf4 Bg4 8. Be2 Be7 9. dxc5 dxc4 10. Ne5 Nxe5 11. Bxe5 Qxd1+ 12. Rxd1 Bxe2 13. Kxe2 0-0 14. Bd6 Rfe8 15. Kf3 Bxd6 16. cxd6 Rad8 17. Rd4 Nd7 18. Kg3 Nb6 19. Rhd1 f5 20. a4 Re5 21. Kf4 Rc5 22. Re1 Rc6 23. a5 Nc8 24. d7 Nd6 25. Rxd6 Rxd6 26. Re8+ 1-0

[Event "COL-ch"]
[Site "Bogota"]
[Date "2018.11.06"]
[Round "1"]
[White "Gomez, Dario G"]
[Black "Bueno, Miguel Angel"]
[Result "1-0"]
[WhiteElo "1915"]
[BlackElo "1713"]
[PlyCount "33"]
[EventDate "2018.11.06"]
[EventType "swiss"]
[EventRounds "9"]
[EventCountry "COL"]
[SourceTitle "CBM 187 Extra"]
[Source "ChessBase"]
[SourceDate "2018.11.04"]
[SourceVersion "1"]
[SourceVersionDate "2018.11.04"]
[SourceQuality "1"]

1. c4 Nf6 2. Nc3 d5 3. cxd5 Nxd5 4. e3 g6 5. Bc4 Nb6 6. Bb3 c5 7. Qe2 Bg7 8. a4 a5 9. Nb5 N8d7 10. Nf3 Z0 11. h4 c4 12. Bc2 h5 13. 0-0 0-0 14. Rd1 Nc5 15. d4 cxd3 16. Rxd3 Nxd3 17. Bxd3 1-0

[Event "COL-ch Amateur U1700"]
[Site "Bogota"]
[Date "2018.02.17"]
[Round "4.1"]
[White "Villafane Sanchez, Fabio Andres"]
[Black "Bueno, Miguel Angel"]
[Result "1/2-1/2"]
[WhiteElo "1683"]
[BlackElo "1708"]
[PlyCount "93"]
[EventDate "2018.02.15"]
[EventType "swiss"]
[EventRounds "7"]
[EventCountry "COL"]
[SourceTitle "EXT 2024"]
[Source "ChessBase"]
[SourceDate "2023.10.10"]
[SourceVersion "1"]
[SourceVersionDate "2023.10.10"]
[SourceQuality "1"]

1. e4 c5 2. Nc3 Nc6 3. Bb5 g6 4. Bxc6 dxc6 5. f4 Bg7 6. Nf3 Nf6 7. 0-0 0-0 8. Qe1 c4 9. Qh4 Qd7 10. e5 Nh5 11. Ne4 f6 12. Nc5 Qd5 13. d4 cxd3 14. Nxd3 fxe5 15. fxe5 Bf5 16. Qxe7 Bxd3 17. cxd3 Rf7 18. Qb4 Bxe5 19. Nxe5 Rxf1+ 20. Kxf1 Qxe5 21. Qb3+ Kh8 22. Bd2 Rf8+ 23. Kg1 Qd4+ 24. Kh1 Qf2 25. Bc3+ Ng7 26. Bxg7+ Kxg7 27. h3 Rf7 28. Qc3+ Qf6 29. Rf1 Qxc3 30. Rxf7+ Kxf7 31. bxc3 Ke6 32. Kg1 b5 33. Kf2 c5 34. a3 a5 35. Ke3 Kd5 36. Kd2 b4 37. Kc2 h6 38. Kb2 g5 39. Kc2 h5 40. g3 g4 41. hxg4 hxg4 42. Kb2 bxc3+ 43. Kxc3 a4 44. Kc2 Kd4 45. Kd2 c4 46. dxc4 Kxc4 47. Kc2 1/2-1/2

[Event "COL-ch Amateur U1700"]
[Site "Bogota"]
[Date "2017.03.04"]
[Round "5"]
[White "Bueno, Miguel Angel"]
[Black "Cruz Beltran, Andres Euclides"]
[Result "1-0"]
[WhiteElo "1633"]
[BlackElo "1606"]
[PlyCount "85"]
[EventDate "2017.03.02"]
[EventType "swiss"]
[EventRounds "7"]
[EventCountry "COL"]
[SourceTitle "CBM 177 Extra"]
[Source "ChessBase"]
[SourceDate "2017.04.27"]
[SourceVersion "1"]
[SourceVersionDate "2017.04.27"]
[SourceQuality "1"]

1. e4 e5 2. Nf3 Nc6 3. Bb5 a6 4. Bxc6 dxc6 5. 0-0 Bd6 6. d4 Bg4 7. dxe5 Bxf3 8. Qxf3 Bxe5 9. Rd1 Qe7 10. Na3 b5 11. c3 Nf6 12. Bg5 0-0 13. Nc2 h6 14. Bxf6 Bxf6 15. Qg4 Rad8 16. Ne3 Kh7 17. Nf5 Qc5 18. Ne3 Qg5 19. Qxg5 Bxg5 20. Ng4 c5 21. g3 g6 22. f4 Rxd1+ 23. Rxd1 Rd8 24. Rxd8 Bxd8 25. Ne5 Bf6 26. Nd7 Be7 27. e5 b4 28. c4 a5 29. Kf2 Kg7 30. Ke3 f6 31. Ke4 c6 32. Nb8 fxe5 33. Nxc6 Bd6 34. fxe5 Bc7 35. Kd5 Kf7 36. Kxc5 g5 37. Kd5 h5 38. c5 h4 39. g4 h3 40. b3 Kf8 41. Nd4 Ke7 42. Ne6 Bb8 43. Nxg5 1-0